[Event "Moscow op (Women) 16th"]
[Site "Moscow"]
[Date "2020.01.29"]
[Round "5"]
[White "Kalashnikova, Ekaterina"]
[Black "Kosolapova, Olga"]
[Result "0-1"]
[WhiteElo "1589"]
[BlackElo "1690"]
[PlyCount "76"]
[EventDate "2020.01.25"]
[EventType "swiss"]
[EventRounds "9"]
[EventCountry "RUS"]
[SourceTitle "CBM 194 Extra"]
[Source "ChessBase"]
[SourceDate "2020.03.31"]
[SourceVersion "1"]
[SourceVersionDate "2020.03.31"]
[SourceQuality "1"]

1. e4 c6 2. d4 d5 3. Nc3 dxe4 4. Nxe4 Bf5 5. Ng3 Bg6 6. Nf3 Nd7 7. Be2 Qc7 8. 0-0 Ngf6 9. c4 e6 10. Be3 Bd6 11. Qd2 b6 12. Rad1 0-0 13. Nh4 Ne4 14. Qc1 Nxg3 15. hxg3 Be4 16. Nf3 c5 17. Kh2 Nf6 18. Rh1 cxd4 19. Bxd4 e5 20. Bc3 Ng4+ 21. Kg1 Bc5 22. Rf1 Rad8 23. Ng5 Nf6 24. Nxe4 Nxe4 25. Qc2 f5 26. Bd3 Nxc3 27. Bxf5 Rxf5 28. Qxf5 Ne2+ 29. Kh2 Rd6 30. Kh3 e4 31. Re1 Rh6+ 32. Kg4 Rg6+ 33. Kh3 Rxg3+ 34. Kh4 Be7+ 35. Kh5 Rg5+ 36. Qxg5 Bxg5 37. Kxg5 Qf4+ 38. Kh5 g6# 0-1

[Event "Moscow op (Women) 16th"]
[Site "Moscow"]
[Date "2020.01.27"]
[Round "3"]
[White "Melnikova, Diana V"]
[Black "Kosolapova, Olga"]
[Result "1-0"]
[WhiteElo "1877"]
[BlackElo "1690"]
[PlyCount "71"]
[EventDate "2020.01.25"]
[EventType "swiss"]
[EventRounds "9"]
[EventCountry "RUS"]
[SourceTitle "CBM 194 Extra"]
[Source "ChessBase"]
[SourceDate "2020.03.31"]
[SourceVersion "1"]
[SourceVersionDate "2020.03.31"]
[SourceQuality "1"]

1. e4 d5 2. exd5 Qxd5 3. Nc3 Qa5 4. Bc4 Nf6 5. Nf3 Bg4 6. h3 Bh5 7. g4 Bg6 8. d3 e6 9. Qe2 Be7 10. Bd2 c6 11. Nd5 Qd8 12. Nxe7 Qxe7 13. Ne5 Nbd7 14. Bc3 Nb6 15. Bb3 Nbd5 16. Bxd5 cxd5 17. a3 a5 18. h4 h5 19. Nxg6 fxg6 20. g5 Nd7 21. Rh3 0-0 22. 0-0-0 b5 23. b4 Rfc8 24. Qe1 axb4 25. Bxb4 Qe8 26. Re3 Ra6 27. Rd2 Nc5 28. Kb1 Rcc6 29. Rf3 Qb8 30. Re2 Qc7 31. Bxc5 Rxc5 32. Rxe6 Rxe6 33. Qxe6+ Kh7 34. Rf8 Qf7 35. Qxf7 d4 36. Qg8# 1-0

[Event "Moscow op-B (Women)"]
[Site "Moscow"]
[Date "2015.02.05"]
[Round "6"]
[White "Golovchanskaya, Alina"]
[Black "Kosolapova, Olga"]
[Result "1-0"]
[WhiteElo "1648"]
[BlackElo "1802"]
[PlyCount "57"]
[EventDate "2015.01.31"]
[EventType "swiss"]
[EventRounds "9"]
[EventCountry "RUS"]
[SourceTitle "CBM 164 Extra"]
[Source "ChessBase"]
[SourceDate "2015.03.02"]
[SourceVersion "1"]
[SourceVersionDate "2015.03.02"]
[SourceQuality "1"]

1. d4 g6 2. c4 Bg7 3. Nf3 e6 4. Bg5 Ne7 5. e4 d6 6. Nc3 0-0 7. Qd2 f6 8. Bh6 e5 9. Bxg7 Kxg7 10. 0-0-0 exd4 11. Nxd4 Nbc6 12. f4 Nxd4 13. Qxd4 Nc6 14. Qf2 Qe7 15. h4 Bg4 16. Be2 Bxe2 17. Qxe2 f5 18. h5 fxe4 19. hxg6 hxg6 20. Nd5 Qd7 21. Qxe4 Rae8 22. Qd3 Re6 23. Qc3+ Ref6 24. Nxf6 Rxf6 25. Rh7+ Kxh7 26. Qxf6 Qg7 27. Rh1+ Kg8 28. Qe6+ Qf7 29. Rh8+ 1-0

[Event "Moscow op-B (Women)"]
[Site "Moscow"]
[Date "2015.02.02"]
[Round "3"]
[White "Kosolapova, Olga"]
[Black "Lopata, Christina"]
[Result "1-0"]
[WhiteElo "1802"]
[BlackElo "1612"]
[PlyCount "135"]
[EventDate "2015.01.31"]
[EventType "swiss"]
[EventRounds "9"]
[EventCountry "RUS"]
[SourceTitle "CBM 164 Extra"]
[Source "ChessBase"]
[SourceDate "2015.03.02"]
[SourceVersion "1"]
[SourceVersionDate "2015.03.02"]
[SourceQuality "1"]

1. e4 c5 2. Nf3 e6 3. d4 cxd4 4. Nxd4 a6 5. g3 Bc5 6. Nb3 Ba7 7. Bg2 Ne7 8. Nc3 Nbc6 9. Qd6 Bb8 10. Qd1 Ba7 11. 0-0 0-0 12. Re1 Ng6 13. Be3 Bxe3 14. Rxe3 Qc7 15. f4 b5 16. e5 Qb6 17. Qd2 Rd8 18. Ne4 Nce7 19. Kh1 Nd5 20. Ree1 Bb7 21. Nd6 Nge7 22. c4 bxc4 23. Nxc4 Qa7 24. Nd6 Nc8 25. Nxb7 Qxb7 26. f5 Nce7 27. f6 Ng6 28. Nc5 Qb5 29. Nd3 Rab8 30. fxg7 d6 31. a4 Qc4 32. Re4 Qb3 33. Ra3 Qb6 34. exd6 Rxd6 35. Qg5 Rbd8 36. b4 Qc7 37. Re1 Qb6 38. Rb3 Qd4 39. Nc5 Rb8 40. Ne4 Rdb6 41. h4 Qxg7 42. Nc5 Nge7 43. Qxg7+ Kxg7 44. b5 Rd6 45. Bxd5 Nxd5 46. Kg2 axb5 47. axb5 Nc7 48. Reb1 Nd5 49. Kf3 Kf6 50. Ne4+ Ke7 51. Nxd6 Kxd6 52. Rc1 Rb6 53. Ke4 f5+ 54. Kd3 e5 55. Rc8 e4+ 56. Kd4 Nf6 57. Ra8 Ng4 58. Ra6 Kc7 59. Ra7+ Kd6 60. Rxh7 e3 61. Kd3 Ke5 62. Re7+ Kd6 63. Ra7 Ke5 64. Ra6 Rb8 65. b6 Rd8+ 66. Ke2 Rd2+ 67. Ke1 Nh2 68. Rxe3+ 1-0

[Event "Moscow op-B (Women)"]
[Site "Moscow"]
[Date "2015.01.31"]
[Round "1"]
[White "Kosolapova, Olga"]
[Black "Sukhareva, Evgenia"]
[Result "0-1"]
[WhiteElo "1802"]
[BlackElo "2171"]
[PlyCount "86"]
[EventDate "2015.01.31"]
[EventType "swiss"]
[EventRounds "9"]
[EventCountry "RUS"]
[SourceTitle "CBM 164 Extra"]
[Source "ChessBase"]
[SourceDate "2015.03.02"]
[SourceVersion "1"]
[SourceVersionDate "2015.03.02"]
[SourceQuality "1"]

1. e4 c5 2. f4 a6 3. Nf3 e6 4. d3 b5 5. a3 Bb7 6. Be3 Nf6 7. h3 d5 8. e5 Nh5 9. g4 Ng3 10. Rg1 Nxf1 11. Kxf1 d4 12. Bf2 Be7 13. a4 Nd7 14. Nbd2 Nb6 15. axb5 axb5 16. Rxa8 Qxa8 17. Kg2 Nd5 18. Kg3 f6 19. Qe2 Qb8 20. Re1 0-0 21. Ne4 fxe5 22. fxe5 Nf4 23. Qd2 Nxh3 24. Kxh3 Rxf3+ 25. Kg2 Rf8 26. Bg3 Qe8 27. Qe2 Qg6 28. Kg1 Bg5 29. Nxg5 Qxg5 30. Rf1 Rxf1+ 31. Kxf1 Qc1+ 32. Be1 Qxb2 33. g5 Qa2 34. g6 hxg6 35. Qg4 Qd5 36. Kf2 Qxe5 37. Bd2 Qf5+ 38. Qf4 e5 39. Qxf5 gxf5 40. Ba5 Kf7 41. c4 bxc4 42. dxc4 Ke6 43. Bb6 Kd6 0-1